Statistics for Mirror Words #2

Click here to take the quiz!

General Stats

  • This quiz has been taken 13,423 times
    (12,815 since last reset)
  • The average score is 9 of 16

Answer Stats

ForwardsBackwardsWords% Correct
It's made for chewingBeer holderGum / mug
89%
Cashews, e.g.StupefyNuts / stun
89%
SnoozeStrips awaySleep / peels
74%
Canis lupusRun smoothlyWolf / flow
74%
Personification of evilExistedDevil / lived
72%
Condensed moistureMarriedDew / wed
68%
Soup stirrersNoses aroundSpoons / snoops
60%
Typeface featureInfernosSerif / fires
54%
Type of fabricDug for mineralsDenim / mined
53%
Fairy tale monsterThereforeOgre / ergo
52%
Diseased outcastTo drive awayLeper / repel
46%
Stood up toFake coffee?Faced / decaf
45%
WildebeestsCroonedGnus / sung
44%
Prima donnaKeenDiva / avid
43%
Emotional stateCertain destructionMood / doom
34%
Root vegetableHas permission toYam / may
24%

Score Distribution

Percentile by Number Answered

Percent of People with Each Score

Your Score History

You have not taken this quiz since the last reset